000 00525nam a22001817a 4500
010 _aENG-147531
020 _c100.00
035 _aEN-131063
037 _bDBAD
082 _a320.4
_21
100 _aDatar, Bharat Balawat
_986585
245 _aMy Nation/
_cBharat Balawat Datar
250 _a1
260 _aMaharastra
_bBharat Balawat Datar
270 _bMaharastra
_aF-202/203, Panchvati Society, Chavan Nagar, Dhankawadi, Pune
_e411043
300 _a92p.
_c21cm(pb)
942 _2ddc
_cEN
_h320.4
_mDAT
999 _c214281
_d214281